000 00434nam a2200157Ia 4500
008 100204s9999 xx 000 0 und d
082 _b27913
100 _aनलगे दिलीप
245 _aजननायक शरद पवार
250 _a0
260 _c2007
300 _a176
630 _aजननायक शरद पवार
730 _aजननायक शरद पवार
942 _cBOOK
999 _c473094
_d473091